000 00823nam a2200217 a 4500
001 BRCA_1453
005 20190320203433.0
008 310805s2001----ms-a---f##---#001-0#spa-#
020 _a8881189712
050 4 _aGT1370
_b.A75 2001
245 1 0 _aAsian costumes and textiles from the Bosphorus to Fujiyama : the Zaira and Marcel Mis collection
_cintroduction by Mary Hunt Kahlenberg ; contributions by Valerie Berinstain ... [et al.] ; photos by Mauro Magliani.
260 _aMilán, Italia
_bSkira
_c2001
300 _a291 p.
_bil. a color, mapa
_c31 cm.
500 _aIncluye glosario e índice analítico
504 _aBibliografía : p. 287-288
650 1 4 _aIndumentaria
_yAsia
_94755
650 1 4 _aTelas
_zAsia
_94756
700 1 _aHunt Kahlenberg, Mary
_94757
700 1 _aBerinstain, Valerie
_94758
942 _2lcc
_cB
999 _c1315
_d1315